Statistics for Biggest Asian Cities by Letter - T

Click here to take the quiz!

General Stats

  • This quiz has been taken 130 times
    (124 since last reset)
  • The average score is 10 of 16

Answer Stats

CountryPopulationCity% Correct
Taiwan9.15 milTaipei
99%
Iran15.3 milTehran
99%
Japan40.4 milTokyo
99%
Uzbekistan3.22 milTashkent
96%
Israel2.70 milTel Aviv
96%
Georgia1.35 milTbilisi
91%
China12.7 milTianjin
88%
Iran1.82 milTabriz
52%
Taiwan2.42 milTaichung
47%
China4.12 milTaiyuan
46%
Taiwan1.31 milTainan
38%
China2.87 milTangshan
31%
China2.30 milTaizhou
25%
China1.45 milTai'an
15%
India1.21 milTiruchirappalli
15%
India1.40 milTiruppur
14%

Score Distribution

Percentile by Number Answered

Percent of People with Each Score

Your Score History

You have not taken this quiz since the last reset